100 Minutes That Will Change The Way You Live (Record no. 84137)
[ view plain ]
| 000 -LEADER | |
|---|---|
| fixed length control field | 00522nam a2200205Ia 4500 |
| 005 - DATE AND TIME OF LATEST TRANSACTION | |
| control field | 20251120160427.0 |
| 008 - FIXED-LENGTH DATA ELEMENTS--GENERAL INFORMATION | |
| fixed length control field | 230125s9999 xx 000 0 und d |
| 020 ## - INTERNATIONAL STANDARD BOOK NUMBER | |
| International Standard Book Number | 81-7806-122-8 |
| 041 ## - LANGUAGE CODE | |
| Language code of text/sound track or separate title | eng |
| 082 ## - DEWEY DECIMAL CLASSIFICATION NUMBER | |
| Classification number | 158.1 |
| Item number | PRA |
| 100 ## - MAIN ENTRY--PERSONAL NAME | |
| Author | Prakash L |
| 245 ## - TITLE STATEMENT | |
| Title | 100 Minutes That Will Change The Way You Live |
| 260 ## - PUBLICATION, DISTRIBUTION, ETC. | |
| Date of publication, distribution, etc. | 2008 |
| Name of publisher, distributor, etc. | Unicorn Books |
| Place of publication, distribution, etc. | New Delhi |
| 300 ## - PHYSICAL DESCRIPTION | |
| Extent | 127p |
| 500 ## - GENERAL NOTE | |
| Keywords | Personality Development, |
| 650 ## - SUBJECT ADDED ENTRY--TOPICAL TERM | |
| Topical term or geographic name entry element | Personality Development |
| 700 ## - ADDED ENTRY--PERSONAL NAME | |
| Personal name | Prakash L |
| 942 ## - ADDED ENTRY ELEMENTS (KOHA) | |
| Koha item type | Books |
| 906 ## - LOCAL DATA ELEMENT F, LDF (RLIN) | |
| b | 9 |
| Withdrawn status | Lost status | Damaged status | Not for loan | Home library | Current library | Date acquired | Vendor | Net Price | Bill number | Total Checkouts | Total Renewals | Full call number | Barcode | Date last seen | Date last checked out | Actual Price | Bill Date | Koha item type | Original Barcode |
|---|---|---|---|---|---|---|---|---|---|---|---|---|---|---|---|---|---|---|---|
| Smt. Hiraben Nanavati Institute of Management & Research for Women | Smt. Hiraben Nanavati Institute of Management & Research for Women | 31/03/2008 | Crossword | 95.00 | C063 | 5 | 2 | 158.1 PRA B06256 | HIMR-BK-6256 | 14/02/2024 | 08/02/2024 | 86.00 | 24/03/2008 | Books | B06256 | ||||
| Smt. Hiraben Nanavati Institute of Management & Research for Women | Smt. Hiraben Nanavati Institute of Management & Research for Women | 18/03/2009 | Satya Gilani | 2 | 3 | 158.1 PRA DB1471 | HIMR-DB-1471 | 20/10/2023 | 12/10/2023 | 18/03/2009 | Donated Book | DB1471 |